Ocaso demográfico de Castilla-León (Record no. 136810)

MARC details
000 -LEADER
campo de control de longitud fija 00535nam a2200169 4500
001 - NÚMERO DE CONTROL
campo de control 136810
003 - IDENTIFICADOR DE NÚMERO DE CONTROL
campo de control ES-MaACL
005 - FECHA Y HORA DE LA ÚLTIMA TRANSACCIÓN
campo de control 20230906195231.0
007 - CAMPO FIJO DE DESCRIPCIÓN FÍSICA--INFORMACIÓN GENERAL
campo de control de longitud fija t|
008 - DATOS DE LONGITUD FIJA--INFORMACIÓN GENERAL
campo de control de longitud fija 070214s1980 sp r ||||1| spa d
100 1# - ENTRADA PRINCIPAL--NOMBRE DE PERSONA
Nombre de persona Sagredo García, José.
9 (RLIN) 101454
245 10 - MENCIÓN DEL TÍTULO
Título Ocaso demográfico de Castilla-León
Resto del título : (el éxodo burebano) /
Mención de responsabilidad, etc. José Sagredo García.
260 ## - PUBLICACIÓN, DISTRIBUCIÓN, ETC.
Lugar de publicación, distribución, etc. Burgos :
Nombre del editor, distribuidor, etc. Caja de Ahorros Municipal,
Fecha de publicación, distribución, etc. 1980.
300 ## - DESCRIPCIÓN FÍSICA
Extensión 174 p. :
Otras características físicas il. ;
Dimensiones 24 cm.
710 2# - ENTRADA AGREGADA--NOMBRE DE ENTIDAD CORPORATIVA
Nombre de entidad corporativa o nombre de jurisdicción como elemento de entrada Caja de Burgos.
9 (RLIN) 151308
852 ## - LOCALIZACIÓN
Ubicación ES-MaACL
Número de control de estantería F-2276
Sublocalización o colección R.100365
Holdings
Estatus retirado Estado de pérdida Estado de daño No para préstamo Biblioteca de origen Biblioteca actual Ubicación en estantería Fecha de adquisición Fuente de adquisición Total de préstamos Signatura topográfica completa Código de barras Visto por última vez Precio de reemplazo Tipo de ítem Koha
        Biblioteca del Ateneo de Madrid Biblioteca del Ateneo de Madrid Depósito 2 17/01/2008     F-2276 1142377 23/02/2023 23/02/2023 Libro impreso